000 00721nam a2200229 a 4500
001 46658
003 BD-RjUL
005 20211209054203.0
008 160803s1966 pak||||| |||| 00| 0 eng d
035 _a(BD-RjUL)46777
040 _aBD-RjUL
_beng
_cBD-RjUL
_dBD-RjUL
041 _aeng
082 _223
_bABR 1966
_a340.5491
100 1 _aAbbas, K. B.
_9142177
245 1 4 _aThe registration act, XVI of 1908, as adapted in Pakistan and amended up-to-date with commentary /
_cK B Abbas
250 _a4th ed.
260 _aLahore :
_bPanjab educational press,
_c1966
300 _a92 p. ;
_c25 cm.
500 _aWith commentary by K.B. Abbas
650 _aRecording and registration
_zPakistan
_9142184
942 _2ddc
_cBK
999 _c46658
_d46658